000 00773nam a2200205Ia 4500
003 IN-BaIIA
008 211028s9999 xx 000 0 eng d
020 _a1-886733-56-2
040 _cIIA Library
080 _a082.2:52
_bASP-136
111 _aUC Santa Cruz Workshop
_cUS
_d1997 Aug. 11-15
_922901
245 0 _aGalactic halos
_bproceedings of a UC Santa Cruz workshop held in Campus of UC Santa Cruz, US, 11-15 Aug 1997
_cedited by D. Zaritsky
260 _aCalifornia
_bAstronomical Society of the Pacific
_c1998
300 _axxi, 426p.
490 _aASP conference series; v. 136
650 _aGalactic halo
_922902
700 _aZaritsky, D., ed.
_922903
710 _aAstronomical Society of the Pacific
_91154
942 _cBK
999 _c13026
_d13026